| 000 | 00000nam##2200000za#4500 |
| 001 | 9.695969 |
| 003 | CaOODSP |
| 005 | 20210624234824 |
| 007 | cr ||||||||||| |
| 008 | 150407|2001||||xxc|||||o f|0| 0 eng|d |
| 040 | |aCaOODSP|beng |
| 043 | |an-cn--- |
| 086 | 1 |aSF31-53/5-2001E-PDF |
| 110 | 1 |aCanada. |bOffice of the Commissioner of Official Languages. |
| 245 | 10|aCanadian linguistic facts and figures. Alberta, British Columbia, Northwest Territories, Yukon |h[electronic resource] |
| 260 | |aOttawa - Ontario : |bOffice of the Commissioner of Official Languages |cc2001. |
| 300 | |a22p.|bmaps, tables |
| 500 | |aThe catalogue number (SF31-53/5-2001) and ISBN (0-662-65736-5) of the bilingual print edition have been incorrectly copied in this electronic edition. |
| 590 | |a12-17-Supp|b2012-04-20 |
| 690 | 07|aOfficial languages|2gcpds |
| 690 | 07|aWestern provinces|2gcpds |
| 690 | 07|aNorthern Canada|2gcpds |
| 775 | 08|tLes langues officielles au Canada - faits et chiffres. Alberta, Colombie-Britannique, Territoires du Nord-Ouest, Yukon |w(CaOODSP)9.640086 |
| 776 | 0#|tCanadian linguistic facts and figures: Alberta, British Columbia, Northwest Territories, Yukon |w(CaOODSP)9.662789 |
| 776 | 0#|tLes langues officielles au Canada: faits et chiffres: Alberta, Colombie-Britannique, Territoires du Nord-Ouest, Yukon |w(CaOODSP)9.662790 |
| 856 | 40|ahttp://publications.gc.ca|qPDF|s242 KB|uhttps://publications.gc.ca/collections/Collection/SF31-53-5-2001E.pdf |